Natural calamities in colonial bengal/ (Record no. 205238)

MARC details
000 -LEADER
fixed length control field 00579nam a22001817a 4500
005 - DATE AND TIME OF LATEST TRANSACTION
control field 20240823115402.0
010 ## - LCCN (DPL NO)
LC control number ENG-141404
020 ## - INTERNATIONAL STANDARD BOOK NUMBER
International Standard Book Number 9789382710073
Terms of availability 300.00
035 ## - SYSTEM CONTROL NUMBER
System control number EN-124936
037 ## - SOURCE OF ACQUISITION
Source of stock number/acquisition DBAD
082 ## - DEWEY DECIMAL CLASSIFICATION NUMBER
Classification number 363.348095452
Edition number 1
245 ## - TITLE STATEMENT
Title Natural calamities in colonial bengal/
Statement of responsibility, etc edited by Chittabrata Palit
260 ## - PUBLICATION, DISTRIBUTION, ETC. (IMPRINT)
Place of publication, distribution, etc Kolkata
Name of publisher, distributor, etc Institute of historical studies
Date of publication, distribution, etc 2020
270 ## - ADDRESS
Address 8/1, London Street,
City Kolkata
Postal code 700017
300 ## - PHYSICAL DESCRIPTION
Extent 119p.
Dimensions 23cm(hb)
700 ## - ADDED ENTRY--PERSONAL NAME
9 (RLIN) 70456
Personal name Edited by Chittabrata Palit
942 ## - ADDED ENTRY ELEMENTS (KOHA)
Source of classification or shelving scheme Dewey Decimal Classification
Item type English Books
Classification part 363.348095452
Call number suffix NAT
Holdings
Withdrawn status Lost status Not for loan Collection code Home library Current library Date acquired Source of acquisition Cost, normal purchase price Full call number Barcode Copy number Cost, replacement price Koha item type
      Non-fiction Shahdara Branch Shahdara Branch 23/08/2024 DBAD 300.00 363.348095452 NAT EN-124936 1 300.00 English Books

© Delhi Public Library
Hit Counter
free hit counter